Desarrollo Capitalista tipo de unidades productivas agropecuarias y procesos de reproducción de la fuerza de trabajo /
Gorde:
| Erakunde egilea: | |
|---|---|
| Formatua: | Texto |
| Saila: | Serie Informes Finales de Investigación IIS
|
| Etiketak: |
Etiketa erantsi
Etiketarik gabe, Izan zaitez lehena erregistro honi etiketa jartzen!
|
MARC
| LEADER | 00000 a a2200000 04500 | ||
|---|---|---|---|
| 001 | 41156 | ||
| 003 | |||
| 040 | |||
| 110 | |a Universidad de Costa Rica. Facultad de Ciencias Sociales. Programa de Investigaciones Sociales sobre Población en América Latina | ||
| 245 | |a Desarrollo Capitalista tipo de unidades productivas agropecuarias y procesos de reproducción de la fuerza de trabajo / |c Programa de Investigaciones Sociales sobre Población en América Latina de la Universidad de Costa Rica | ||
| 440 | |a Serie Informes Finales de Investigación IIS | ||
| 773 | |g ( , 1983) | ||
| 999 | |c 33717 |d 33717 | ||
